La segmentación del mercado de trabajo y el empleo atípico en los jóvenes (Registro nro. 49896)
[ vista simple ]
| 000 -CABECERA | |
|---|---|
| Longitud fija campo de control | 00953naa a2200241 c 4500 |
| 001 - NÚMERO DE CONTROL | |
| Número de control | 49896 |
| 003 - IDENTIFICADOR DE NÚMERO DE CONTROL | |
| Identificador del número de control | ES-MaCES |
| 005 - FECHA Y HORA DE LA ÚLTIMA TRANSACCIÓN | |
| Fecha y hora de la última transacción | 20170904133528.0 |
| 008 - CAMPO FIJO DE DESCRIPCIÓN FIJA--INFORMACIÓN GENERAL | |
| Códigos de información de longitud fija | 170904s2017 sp ||||| t||||||| ||spa d |
| 040 ## - FUENTE DE CATALOGACIÓN | |
| Centro catalogador de origen | ES-MaCES |
| Lengua de catalogación | spa |
| Centro transcriptor | ES-MaCES |
| Centro modificado | ES-MaCES |
| 100 1# - ENCABEZAMIENTO PRINCIPAL--NOMBRE PERSONAL | |
| 9 (RLIN) | 9381 |
| Nombre de persona | Cebrián, Inmaculada |
| 245 13 - MENCIÓN DE TÍTULO | |
| Título | La segmentación del mercado de trabajo y el empleo atípico en los jóvenes |
| Mención de responsabilidad, etc. | Inmaculada Cebrián |
| 650 #4 - ASIENTO SECUNDARIO DE MATERIA--TÉRMINO DE MATERIA | |
| 9 (RLIN) | 28292 |
| Término de materia o nombre geográfico como elemento inicial | mercado de trabajo |
| 650 #4 - ASIENTO SECUNDARIO DE MATERIA--TÉRMINO DE MATERIA | |
| 9 (RLIN) | 29566 |
| Término de materia o nombre geográfico como elemento inicial | segmentación del mercado de trabajo |
| 650 #4 - ASIENTO SECUNDARIO DE MATERIA--TÉRMINO DE MATERIA | |
| 9 (RLIN) | 29982 |
| Término de materia o nombre geográfico como elemento inicial | empleo de jóvenes |
| 650 #4 - ASIENTO SECUNDARIO DE MATERIA--TÉRMINO DE MATERIA | |
| 9 (RLIN) | 28415 |
| Término de materia o nombre geográfico como elemento inicial | joven trabajador |
| 650 #4 - ASIENTO SECUNDARIO DE MATERIA--TÉRMINO DE MATERIA | |
| 9 (RLIN) | 28327 |
| Término de materia o nombre geográfico como elemento inicial | condiciones de trabajo |
| 650 #4 - ASIENTO SECUNDARIO DE MATERIA--TÉRMINO DE MATERIA | |
| 9 (RLIN) | 30171 |
| Término de materia o nombre geográfico como elemento inicial | empleo precario |
| 653 10 - TÉRMINO DE INDEXACIÓN--NO CONTROLADO | |
| Término no controlado | Empleo |
| 773 0# - ENTRADA DE DOCUMENTO FUENTE | |
| Itemnumber del ítem fuente | 86343 |
| Lugar, editor y fecha de publicación | Madrid (Fuencarral, 127, 28010) Iniciativas editoriales Sistema 1994- |
| Otro identificador del documento | 089240 |
| Título | Temas para el debate |
| Número de control del registro relacionado | (ES-MaCES)25480 |
| Parte(s) relacionada(s) | n. 271 (jun. 2017) {10474 R. 089240} ;p. 31-33 |
| 902 ## - CES. TIPO DE DOCUMENTO | |
| Tipodoc (006$c Sirtex) | ART Artículo de revista |
| 942 ## - ELEMENTOS KOHA | |
| Fuente de clasificaión o esquema | Clasificación propia del CES |
| Koha [por defecto] tipo de item | Artículos (1982-2017) |
| Parte de clasificación | Relaciones Laborales y Rel. Lab.- Empleo |
No hay ítems disponibles.
